[Event "Prague Summer op 1st"]
[Site "Prague"]
[Date "2014.08.09"]
[Round "1"]
[White "Orning, Pascal"]
[Black "Mitrandzas, Athanasios"]
[Result "0-1"]
[WhiteElo "1670"]
[BlackElo "2084"]
[PlyCount "38"]
[EventDate "2014.08.09"]
[EventType "swiss"]
[EventRounds "9"]
[EventCountry "CZE"]
[SourceTitle "CBM 162 Extra"]
[Source "ChessBase"]
[SourceDate "2014.10.17"]
[SourceVersion "1"]
[SourceVersionDate "2014.10.17"]
[SourceQuality "1"]

1. d4 Nf6 2. Bf4 e6 3. e3 b6 4. f3 Nd5 5. Ne2 g5 6. c4 Bb4+ 7. Nbc3 gxf4 8. cxd5 Qh4+ 9. Kd2 fxe3+ 10. Kxe3 0-0 11. g3 Qf6 12. dxe6 fxe6 13. f4 Bb7 14. Rg1 c5 15. d5 exd5 16. Nxd5 Qe6+ 17. Kf2 Bxd5 18. b3 Re8 19. Qc1 Qe4 0-1